000
00387nam a2200145Ia 4500
008
090124s9999 xx 000 0 und d
082
_b
203942
245
_a
डांगरी वाले
250
_a
1
260
_b
जोशी शेखर
_c
1994
300
_a
123
630
_a
डांगरी वाले
730
_a
डांगरी वाले
942
_c
BOOK
999
_c
185523
_d
185523